Catálogo
 En Linea

Antología de la literatura universal. (Registro nro. 39608)

Detalles MARC
000 -CABECERA
campo de control de longitud fija 00783nam a2200169 a 4500
001 - NÚMERO DE CONTROL
campo de control 000040118
005 - FECHA Y HORA DE LA ÚLTIMA TRANSACCIÓN
campo de control 20201002033928.0
008 - DATOS DE LONGITUD FIJA--INFORMACIÓN GENERAL
campo de control de longitud fija 130808s1990 sp a 000 0 spa d
020 ## - NÚMERO INTERNACIONAL ESTÁNDAR DEL LIBRO
Número Internacional Estándar del Libro 8440120311
040 ## - FUENTE DE LA CATALOGACIÓN
Centro catalogador/agencia de origen DO-SdBNP
Lengua de catalogación spa
Centro/agencia transcriptor BNPHU
082 ## - NÚMERO DE LA CLASIFICACIÓN DECIMAL DEWEY
Número de clasificación xxx
245 00 - MENCIÓN DE TÍTULO
Título Antología de la literatura universal.
250 ## - MENCIÓN DE EDICIÓN
Mención de edición 4a ed.
260 ## - PUBLICACIÓN, DISTRIBUCIÓN, ETC.
Lugar de publicación, distribución, etc. España :
Nombre del editor, distribuidor, etc. Plaza mayor,
Fecha de publicación, distribución, etc. 1990.
300 ## - DESCRIPCIÓN FÍSICA
Extensión 307 p. :
Otras características físicas il. ;
Dimensiones 24 cm.
505 0# - NOTA DE CONTENIDO CON FORMATO
Título Obras maestras del mundo antiguo: Grecia y Roma --
-- Obras maestras de la edad media--
-- Obras maestras del Renancimiento --
-- Obras maestras del Barroco español --
-- Obras maestras del Neoclasicismo --
-- Obras maestras del Romanticismo --
-- Obras maestras del Realismo y del Naturalismo --
-- Obras maestras del mundo moderno --
-- Obras maestras del mundo oriental.
Existencias
Estado de retiro Estado de pérdida Restricciones de uso No para préstamo Código de colección Localización permanente Ubicación/localización actual Ubicación en estantería Fecha de adquisición Número de inventario Total de préstamos Signatura topográfica completa Código de barras Fecha visto por última vez Precio válido a partir de Tipo de ítem Koha
      Excluido de préstamo Monografías: Libros y Folletos General General En catalogación 08.08.2013 LF1   xxx 40118-10 25.06.2020 25.06.2020 No se presta

Con tecnología Koha